00993nam a2200265 i 4500003000900000005001700009007000300026008004100029020001500070040003000085082002800115100003800143245009700181264004700278300002600325336002700351337003300378338002800411490001600439490001800455500005700473500007300530650006600603650005800669DO-SdBNP20240418073801.0ta220615b2003 dr ||||| |||| 00| 0 spa d a9993494003 aDO-SdBNPbspacBNPHUerda 4a016.86097293bC697h2221 aCollado, Miguel A.,d1954-eautor10aHistoria bibliográfica de la literatura infantil dominicana (1821-2002) /cMiguel Collado. 1aSanto Domingo :bBanco de Reservas,c2003. a136 páginasc23 cm. 2rdacontentatextobtxt 2rdamediaasin mediaciónbn 2rdacarrieravolumenbnc0 aBanreservas0 aLiteraturav2 aIncluye datos biográficos del autor en las solapas aIncluye referencias bibliográficas y notas al pie de las páginas 4aLiteratura infantil zRepública DominicanavBibliografías 4aLiteratura infantil dominicanaxHistoria y crítica